LIBRARY & INFORMATION CENTRE, KCAET, TAVANUR

ONLINE PUBLIC ACCESS CATALOGUE (OPAC)

Surveying for Agricultural Students And Planters (Record no. 14225)

MARC details
000 -LEADER
fixed length control field 00335nam a22001217a 4500
020 ## - INTERNATIONAL STANDARD BOOK NUMBER
ISBN 9789381617014
082 ## - DEWEY DECIMAL CLASSIFICATION NUMBER
Classification number 624.1517
Item number STE/SU
100 ## - MAIN ENTRY--AUTHOR NAME
Personal name Stewart, Frederick. R
-- Grassie, James. C
245 ## - TITLE STATEMENT
Title Surveying for Agricultural Students And Planters
260 ## - PUBLICATION, DISTRIBUTION, ETC. (IMPRINT)
Place of publication New Delhi
Name of publisher Bio - Green Books
Year of publication 2012
300 ## - PHYSICAL DESCRIPTION
Number of Pages 236
942 ## - ADDED ENTRY ELEMENTS (KOHA)
Koha item type Books
Holdings
Withdrawn status Lost status Damaged status Collection code Home library Current library Shelving location Date acquired Source of acquisition Cost, normal purchase price Full call number Accession Number Koha item type
        KAUAET KAUAET General Stacks 06/06/2016 Southern Book Centre 700.00 624.1517 STE/SU 24923 Books
free website counter